What can Europe teach us about renewables? (Record no. 70649)

MARC details
000 -LEADER
fixed length control field 01032cam a2200229 4500
001 - CONTROL NUMBER
control field ABS65604
008 - FIXED-LENGTH DATA ELEMENTS--GENERAL INFORMATION
fixed length control field 020702n2002 000 0 eng u
035 ## - SYSTEM CONTROL NUMBER
System control number (Sirsi) u118635
100 ## - MAIN ENTRY--PERSONAL NAME
Personal name Boyle, S.
245 ## - TITLE STATEMENT
Title What can Europe teach us about renewables?
260 ## - PUBLICATION, DISTRIBUTION, ETC.
Date of publication, distribution, etc. 2002
490 ## - SERIES STATEMENT
Series statement Building Services Journal
Volume/sequential designation May 2002, 42-44(3)
520 ## - SUMMARY, ETC.
Summary, etc. Examines the boom in renewable energy around the world while noting that the UK has not participated very much in this process. The UK has only 500 MW of wind capacity compared with Spain which will have 8000 MW by 2004 and Germany with over 10 000 MW. Notes there is a new programme underway which should treble UK capacity although is obvioulsy from a low base and argues the DTI is not providing enough funding to properly help renewables enter the mainstream.
590 ## - LOCAL NOTE (RLIN)
Local note ABS
650 ## - SUBJECT ADDED ENTRY--TOPICAL TERM
Topical term or geographic name entry element RENEWABLE ENERGY
650 ## - SUBJECT ADDED ENTRY--TOPICAL TERM
Topical term or geographic name entry element SPAIN
650 ## - SUBJECT ADDED ENTRY--TOPICAL TERM
Topical term or geographic name entry element GERMANY
650 ## - SUBJECT ADDED ENTRY--TOPICAL TERM
Topical term or geographic name entry element WIND POWER
650 ## - SUBJECT ADDED ENTRY--TOPICAL TERM
Topical term or geographic name entry element DTI
690 ## - LOCAL SUBJECT ADDED ENTRY--TOPICAL TERM (OCLC, RLIN)
Topical term or geographic name as entry element ENVIRONMENTAL AND LAND CONSULTANCY-ENERGY
942 ## - ADDED ENTRY ELEMENTS (KOHA)
Suppress in OPAC 0
Holdings
Withdrawn status Lost status Source of classification or shelving scheme Damaged status Not for loan Home library Current library Shelving location Date acquired Total Checkouts Full call number Barcode Date last seen Copy number Price effective from Koha item type
    Dewey Decimal Classification     London London Journal article 02/07/2002   ABS65604 118635-1001 06/08/2019 1 06/08/2019 Journal article